|
|
|
|
| LEADER |
00000nab a2200000uu 4500 |
| 001 |
vtls011520306 |
| 003 |
SK-MaSNL |
| 005 |
20260303220610.0 |
| 008 |
230704|1934 xo |||||||||||||||||slo| |
| 015 |
|
|
|a SNBRB
|
| 035 |
|
|
|a (urnnbn)urn:nbn:sk:snk:ar-00218w
|
| 035 |
|
|
|a (uuid)d7e61376-f903-4efe-bd87-e0fa66126402
|
| 035 |
|
|
|a urn:nbn:sk:snk-abe8t7
|
| 040 |
|
|
|a SNKBUCL
|b slo
|c SNKBUCL
|e AACR2
|
| 041 |
0 |
|
|a slo
|
| 044 |
|
|
|a xo
|c SK
|
| 100 |
1 |
|
|a Cincík, Jozef G.,
|d 1909-1992
|4 aut
|9 25331
|
| 245 |
1 |
0 |
|a Fr. Žákavec: Max Švabinský
|c Jozef Cincík
|
| 773 |
0 |
|
|t Slovenské pohľady
|g Roč. 50, č. 7 - 8 (1934), s. 503-504
|
| 850 |
|
|
|a Slovenská národná knižnica
|
| 852 |
|
|
|a Slovenská národná knižnica
|
| 954 |
|
|
|a odborná, vedecká literatúra pôvodná (slovenská)
|2 lita
|
| 958 |
|
|
|a EUIPO
|
| 958 |
|
|
|a OND
|
| 958 |
|
|
|a article21
|
| 999 |
|
|
|c 2227913
|d 2229843
|